Stationen beim Spiel "Zug um Zug" - Statistiken

Allgemein
  • Dieses Quiz wurde 36 mal gespielt
  • Das Durchschnittsergebnis liegt bei 23 aus 36
Antwortstatistiken
Antwort % Korrekt
Los Angeles
97%
Miami
97%
New York
97%
Toronto (CAN)
93%
Denver
90%
Seattle
86%
Chicago
83%
Boston
79%
Houston
79%
San Francisco
79%
Vancouver (CAN)
79%
Washington
79%
New Orleans
76%
Kansas City
72%
Atlanta
69%
Calgary (CAN)
69%
Dallas
69%
Oklahoma City
69%
Portland
69%
Las Vegas
66%
Montréal (CAN)
66%
Phoenix
62%
Salt Lake City
62%
Nashville
55%
Pittsburgh
52%
Winnipeg (CAN)
52%
El Paso
45%
Raleigh
45%
Saint Louis
45%
Charleston
34%
Duluth
34%
Helena
34%
Santa Fe
28%
Omaha
24%
Sault St. Marie
24%
Little Rock
21%
Keine übereinstimmenden Quizze gefunden
Verteilung der Resultate
Anzahl Personen mit jedem Resultat
Perzentil nach korrekt beantworteten Fragen
Ihre Resultats-Entwicklung
Sie haben dieses Quiz noch nicht gespielt